<?xml version="1.0" encoding="UTF-8"?><?xml-stylesheet type="text/xsl" href="static/style.xsl"?><OAI-PMH xmlns="http://www.openarchives.org/OAI/2.0/" xmlns:xsi="http://www.w3.org/2001/XMLSchema-instance" xsi:schemaLocation="http://www.openarchives.org/OAI/2.0/ http://www.openarchives.org/OAI/2.0/OAI-PMH.xsd"><responseDate>2026-04-18T07:26:30Z</responseDate><request verb="GetRecord" identifier="oai:www.recercat.cat:20.500.12694/7044" metadataPrefix="marc">https://recercat.cat/oai/request</request><GetRecord><record><header><identifier>oai:recercat.cat:20.500.12694/7044</identifier><datestamp>2025-12-18T12:09:37Z</datestamp><setSpec>com_2072_179042</setSpec><setSpec>col_2072_484474</setSpec></header><metadata><record xmlns="http://www.loc.gov/MARC21/slim" xmlns:dcterms="http://purl.org/dc/terms/" xmlns:xsi="http://www.w3.org/2001/XMLSchema-instance" xmlns:doc="http://www.lyncode.com/xoai" xsi:schemaLocation="http://www.loc.gov/MARC21/slim http://www.loc.gov/standards/marcxml/schema/MARC21slim.xsd">
   <leader>00925njm 22002777a 4500</leader>
   <datafield ind2=" " ind1=" " tag="042">
      <subfield code="a">dc</subfield>
   </datafield>
   <datafield ind2=" " ind1=" " tag="720">
      <subfield code="a">Bardolet Vilaró, Judit</subfield>
      <subfield code="e">author</subfield>
   </datafield>
   <datafield ind2=" " ind1=" " tag="260">
      <subfield code="c">2013-05-14</subfield>
   </datafield>
   <datafield ind2=" " ind1=" " tag="520">
      <subfield code="a">Eduard Toldrà i Soler fou una persona important i significativa per a la societat catalana de principis del segle XX. La seva vida musical és increïblement ampla, ja que abasta facetes de violinista, compositor, director i pedagog. A més, Toldrà va estar sempre immers en la cultura catalana, en l'art en general, i, en particular, en la poesia. És per aquest motiu que trobem tanta poesia en la seva música. En el següent treball aprofundeixo en l'estudi d'una de les seves obres, "Sis Sonets per a violí i piano". A través de l'anàlisi d'aquestes sis peces, coneixerem també el personatge d'Eduard Toldrà i el seu context cultural. Veurem que la seva música se situa fora dels trets estilístics “hispànics” de l'època i que, sota els tòpics de música espanyola, les etiquetes no hi fan cap mena de justícia.</subfield>
   </datafield>
   <datafield ind2=" " ind1=" " tag="520">
      <subfield code="a">Eduard Toldrà Soler fue una persona importante y significativa para la sociedad catalana de principios del siglo XX. Su vida musical es amplia, ya que abarca facetas de violinista, compositor, director y pedagogo. Toldrà estuvo siempre implicado en la cultura catalana, en el arte en general, y en particular en la poesía. Es por este motivo que encontramos tanta poesía en su música. En el siguiente trabajo, profundizo en el estudio de una de sus obras, “Sis Sonets per a violí i piano”. En el análisis de estas seis piezas, conoceremos también el personaje de Eduard Toldrà y su contexto cultural. Veremos que su música se sitúa fuera del estilo “hispánico” de la época y que, más allá de los tópicos de música española, las etiquetas no le hacen ningún tipo de justicia.</subfield>
   </datafield>
   <datafield ind2=" " ind1=" " tag="520">
      <subfield code="a">Eduard Toldrà Soler was a very important person for Catalan society at the beginning of the 20th century. His musical life is broad because of his work as a violinist, composer, conductor, and pedagogue. Toldrà was always involved in Catalan culture, art in general, and particularly in poetry. For this reason, we find a lot of poetry in his music. In the following work, I analyze one of his works, “Sis Sonets per a violí i piano”. Through the analysis of these six pieces, we will also learn about Eduard Toldrà and his cultural context. We will see that his music is not the same as contemporary Spanish music, and beyond the commonplaces of Spanish music, there is a lot of diversity where labels do not do justice.</subfield>
   </datafield>
   <datafield ind1="8" ind2=" " tag="024">
      <subfield code="a">http://hdl.handle.net/20.500.12694/7044</subfield>
   </datafield>
   <datafield tag="653" ind2=" " ind1=" ">
      <subfield code="a">TFG Música clàssica i contemporània</subfield>
   </datafield>
   <datafield tag="653" ind2=" " ind1=" ">
      <subfield code="a">Toldrà, Eduard, 1895-1962--Crítica i interpretació</subfield>
   </datafield>
   <datafield tag="653" ind2=" " ind1=" ">
      <subfield code="a">Toldrà, Eduard, 1895-1962. Sonets</subfield>
   </datafield>
   <datafield tag="653" ind2=" " ind1=" ">
      <subfield code="a">Violí i piano, Música per a--Anàlisi i apreciació</subfield>
   </datafield>
   <datafield tag="653" ind2=" " ind1=" ">
      <subfield code="a">Música--Catalunya--S. XX</subfield>
   </datafield>
   <datafield ind2="0" ind1="0" tag="245">
      <subfield code="a">Eduard Toldrà: sis sonets per a violí i piano</subfield>
   </datafield>
</record></metadata></record></GetRecord></OAI-PMH>